Bioquímica ilustrada (Registro nro. 25487)

Detalles MARC
000 -CABECERA
Longitud fija campo de control 00949nam a2200277 a 4500
003 - IDENTIFICADOR DELl NÚMERO DE CONTROL
Identificador del número de control OSt
005 - FECHA Y HORA DE LA ÚLTIMA TRANSACCIÓN
Fecha y hora de la última transacción 20160610172358.0
008 - CÓDIGOS DE INFORMACIÓN DE LONGITUD FIJA
Códigos de información de longitud fija 030707c2012 mex spa
020 ## - NÚMERO INTERNACIONAL NORMALIZADO PARA LIBROS
Número Internacional Normalizado para Libros (ISBN) 978-607-15-0914-7
040 ## - FUENTE DE LA CATALOGACIÓN
Centro transcriptor BMC
082 ## - NÚMERO DE LA CLASIFICACIÓN DECIMAL DEWEY
Númeroo de clasificación 612.015
082 ## - NÚMERO DE LA CLASIFICACIÓN DECIMAL DEWEY
Númeroo de clasificación 611.018
100 1# - PUNTO DE ACCESO PRINCIPAL-NOMBRE DE PERSONA
9 (RLIN) 8160
Nombre de persona Harper, Harold Anthony
Fechas asociadas al nombre 1911-1988
245 10 - MENCIÓN DE TÍTULO
Título Bioquímica ilustrada
Mención de responsabilidad, etc. Harper ; [editores], Robert K. Murray ... [et al.] ; traducción, Bernardo Rivera Muñoz
250 ## - MENCIÓN DE EDICIÓN
Mención de edición 29ª ed
260 ## - PUBLICACIÓN, DISTRIBUCIÓN, ETC. (PIE DE IMPRENTA)
Lugar de publicación, distribución, etc. México, D.F. [etc.]
Nombre del editor, distribuidor, etc. McGraw-Hill
Fecha de publicación, distribución, etc. cop. 2012
300 ## - DESCRIPCIÓN FÍSICA
Extensión XIV, 816 p.
Otras características físicas il. col.
Dimensiones 29 cm
500 ## - NOTA GENERAL
Nota general Índice p. 651-687
594 ## - NOTA AL TÍTULO Y MENCIÓN DE RESPONSABIBLIDAD
Nota Al Título Y Mención De Responsabilidad Traducción de: Harper's illustrated biochemistry, 28th ed.
594 ## - NOTA AL TÍTULO Y MENCIÓN DE RESPONSABIBLIDAD
Nota Al Título Y Mención De Responsabilidad Precede al tít.: A Lange medical book
650 24 - PUNTO DE ACCESO ADICIONAL DE MATERIA - TÉRMINO DE MATERIA
Término de materia o nombre geográfico como elemento inicial Bioquímica
9 (RLIN) 8014
650 24 - PUNTO DE ACCESO ADICIONAL DE MATERIA - TÉRMINO DE MATERIA
Término de materia o nombre geográfico como elemento inicial Biología molecular
9 (RLIN) 4163
700 1# - PUNTO DE ACCESO ADICIONAL - NOMBRE DE PERSONA
9 (RLIN) 8065
Nombre de persona Rivera Muñoz, Bernardo
730 0# - PUNTO DE ACCESO ADICIONAL - TÍTULO UNIFORME
9 (RLIN) 8270
Título uniforme Harper's illustrated biochemistry
Lengua de la obra Español
942 ## - ENTRADA DE ELEMENTOS AGREGADOS (KOHA)
Fuente de clasificaión o esquema Dewey Decimal Classification
Koha [por defecto] tipo de item 1- Monografias
Existencias
Suprimido Perdido Fuente de clasificación o esquema Estropeado Restricciones de uso No para préstamo Código de colección Localización permanente Localización actual Localización en estanter&íacute;as Fecha adquisición Fuente de adquisición Número de inventario Préstamos totales Renovaciones totales Signatura completa Código de barras Fecha última consulta Fecha último préstamo Fecha del precio de reemplazo Tipo de item de Koha
NULL NULL Dewey Decimal Classification NULL Prestable NULL NULL Biblioteca Miguel de Cervantes - UNICAES Biblioteca Miguel de Cervantes - UNICAES Sala Principal 09/06/2016 Donación - Facultad de Ciencias de la Salud 032575 74 14 612.015 HAR bio 1037396 27/02/2024 23/02/2024 11/06/2016 1- Monografias
NULL NULL Dewey Decimal Classification NULL Prestable NULL NULL Biblioteca Miguel de Cervantes - UNICAES Biblioteca Miguel de Cervantes - UNICAES Sala Principal 09/06/2016 Donación - Facultad de Ciencias de la Salud 032576 67 12 612.015 HAR bio 1037397 02/04/2025 02/04/2025 11/06/2016 1- Monografias
NULL NULL Dewey Decimal Classification NULL Prestable NULL NULL Biblioteca Miguel de Cervantes - UNICAES Biblioteca Miguel de Cervantes - UNICAES Sala Principal 09/06/2016 Donación - Facultad de Ciencias de la Salud 032577 61 13 612.015 HAR bio 1037398 17/02/2025 17/02/2025 11/06/2016 1- Monografias